Trang phục Việt Nam từ truyền thống đến hiện đại

Uloženo v:
Podrobná bibliografie
Médium: Kniha
Jazyk:Vietnamese
Vydáno: H. Lao động 2005
Témata:
Tagy: Přidat tag
Žádné tagy, Buďte první, kdo otaguje tento záznam!
Thư viện lưu trữ: Mạng thư viện Đại học Đà Nẵng
LEADER 01257nam a2200337 4500
001 000006884
003 3044
005 20110927160927.0
008 110922s2005 viesd
020 |c 17000đ 
041 0 |a vie 
082 |a 391.09597  |b Tra 
245 0 |a Trang phục Việt Nam từ truyền thống đến hiện đại  |c Nguyễn Thu Phương (biên soạn) 
260 |a H.  |b Lao động  |c 2005 
300 |a 151tr.  |c 19 cm 
653 |a Trang phục 
653 |a truyền thống 
653 |a hiện đại 
910 |a Minh  |d 22/9/2011 
OWN |a LSP 
AVA |a UDN50  |b LNN  |d 895.922 DO-H  |e available  |t Error 5001 Not defined in file expand_doc_bib_avail.  |f 1  |g 0  |h N  |i 0 
AVA |a UDN50  |b LSP  |d 391.09597 Tra  |e available  |t Error 5001 Not defined in file expand_doc_bib_avail.  |f 10  |g 0  |h N  |i 0  |k 1 
999 |a From the UDN01 
AVA |a UDN50  |b LNN  |d 895.922 DO-H  |e available  |t Error 5001 Not defined in file expand_doc_bib_avail.  |f 1  |g 0  |h N  |i 0 
AVA |a UDN50  |b LSP  |d 391.09597 Tra  |e available  |t Error 5001 Not defined in file expand_doc_bib_avail.  |f 10  |g 0  |h N  |i 0  |k 1 
TYP |a Monograph 
TYP |a Printed language 
980 |a Mạng thư viện Đại học Đà Nẵng